| 000 | 00527nam a2200193Ia 4500 | ||
|---|---|---|---|
| 003 | OSt | ||
| 005 | 20240611153126.0 | ||
| 008 | 210210b1968 xxu||||| |||| 00| 0 eng d | ||
| 040 |
_aAL _c |
||
| 041 | _aKannada | ||
| 082 | _a859/820 | ||
| 100 |
_aTRIVENI _927243 _dತ್ರಿವೇಣಿ |
||
| 245 |
_aAvala magalu _bಅವಳ ಮಗಳು |
||
| 260 |
_aMaisuru _bD V K Murthy, Prakashakaru _c1968 |
||
| 690 |
_aKannada Fiction _927244 |
||
| 700 |
_aPADMA _927245 _dಪದ್ಮಾ |
||
| 906 | _a021581 | ||
| 942 |
_2ddc _cBK |
||
| 999 |
_c145669 _d145669 |
||